Music Quiz

Random Music or Taylor Swift Quiz

Taylor Swift 'Red' Opening Lyrics Quiz Stats

 Plays Quiz not verified by Sporcle

Challenge
Share
Tweet
Embed
Score 0/16 Timer 04:00
0 Plays Today
% Correct
Red
93.3%
22
92.3%
We Are Never Ever Getting Back Together
91.6%
I Knew You Were Trouble
87.5%
Begin Again
84.8%
Starlight
81.6%
Stay Stay Stay
81.3%
The Lucky One
76.2%
% Correct
Everything Has Changed (feat. Ed Sheeran)
76%
Treacherous
74.9%
I Almost Do
72.3%
State Of Grace
72%
The Last Time (feat. Gary Lightbody)
71%
Holy Ground
69.7%
Sad Beautiful Tragic
69.2%
All Too Well
68.2%

You're not logged in!

Compare scores with friends on all Sporcle quizzes.
Join for Free
OR
Log In

You Might Also Like...

Show Comments

Extras

Top Quizzes Today


Score Distribution

Your Account Isn't Verified!

In order to create a playlist on Sporcle, you need to verify the email address you used during registration. Go to your Sporcle Settings to finish the process.

Report this User

Report this user for behavior that violates our Community Guidelines.

Details: